000 00536nam a2200181Ia 4500
003 IN-BaIIA
008 211028s9999 xx 000 0 eng d
040 _cIIA Library
080 _a058(540)
_bMAN-10
245 0 _aManorama yearbook 2010 [with CD]
_cedited by K. M. Mathew
250 _a45th ed.
260 _aKottayam
_bMalayala Manorama
_c2010
300 _a1040p.
650 _aindia-Yearbook
_933313
650 _aYearbook-india
_933314
700 _aMathew, K. M., ed.
_911789
942 _cBK
999 _c17613
_d17613